Les transferts les plus chers du mercato d'été 2024-2025 - Statistiques

Statistiques générales
  • Ce quiz a été pris 251 fois
    228 depuis la dernière actualisation
  • Le résultat moyen est 19 sur 44
Statistiques - réponses
Poste Montant De A Joueur % Correct
MIL 59,9 M€ Benfica PSG Joao Neves
95%
DEF 62,0 M€ Lille Manchester United Leny Yoro
95%
ATT 47,5 M€ Palmeiras Real Madrid Endrick
94%
MIL 55,0 M€ RB Leipzig FC Barcelone Dani Olmo
90%
ATT 64,3 M€ Bournemouth Tottenham Dominic Solanke
87%
ATT/MIL 60,0 M€ Aston Villa Al Ittihad Moussa Diaby
84%
DEF 45,0 M€ Bologne Arsenal Riccardo Calafiori
82%
DEF 40,0 M€ Francfort PSG Willian Pacho
82%
ATT 42,5 M€ Bologne Manchester United Joshua Zirkzee
77%
ATT/MIL 60,0 M€ Wolverhampton Chelsea Pedro Neto
75%
ATT/MIL 26,0 M€ Manchester United Olympique de Marseille Mason Greenwood
73%
DEF 34,5 M€ Real Sociedad Atlético Madrid Robin Le Normand
73%
ATT 32,0 M€ Villareal Atlético Madrid Alexander Sorloth
69%
ATT 25,0 M€ ESTAC Troyes Manchester City Savinho
66%
MIL 59,3 M€ Everton Aston Villa Amadou Onana
65%
MIL/ATT 31,8 M€ Arsenal Fulham Emile Smith Rowe
58%
ATT 30,5 M€ Gérone AS Roma Artem Dovbyk
56%
ATT 20,0 M€ Stade Rennais Bayer Leverkusen Martin Terrier
55%
ATT 27,0 M€ Borussia Dortmund West Ham Niclas Fullkrug
53%
ATT 18,5 M€ FC Metz Olympique Lyonnais Georges Mikautadze
47%
DEF 19,5 M€ Olympique Lyonnais Everton Jake O'Brien
40%
MIL/ATT 29,3 M€ Leeds United West Ham Crysencio Summerville
39%
ATT 26,7 M€ Brighton VfB Stuttgart Deniz Undav
34%
MIL 15,0 M€ FC Metz AS Monaco Lamine Camara
32%
MIL 16,5 M€ AS Monaco Al-Sadd SC Mohamed Camara
32%
ATT 18,0 M€ VfB Stuttgart Borussia Dortmund Serhou Guirassy
32%
GAR 24,6 M€ Villareal Chelsea Filip Jorgensen
27%
ATT 15,0 M€ Olympique de Marseille Crystal Palace Ismaila Sarr
25%
ATT 22,0 M€ Genoa Atalanta Mateo Retegui
23%
ATT 25,6 M€ Juventus AS Roma Matias Soulé
21%
ATT 15,0 M€ Toulouse Bologne Thijs Dallinga
19%
ATT 18,7 M€ Royal Antwerp AS Monaco George Ilenikhena
18%
ATT 19,5 M€ Séville Fenerbahce Youssef En-Nesyri
18%
DEF 18,0 M€ RB Salzbourg AC Milan Strahinja Pavlovic
16%
DEF 15,2 M€ Juventus Bournemouth Dean Huijsen
15%
MIl$L 15,0 M€ FK Bodø/Glimt Stade Rennais Albert Gronbaek
11%
ATT 21,0 M€ Augsbourg VfB Stuttgart Ermedin Demirovic
8%
MIL 18,7 M€ Boca Juniors Al-Qadsiah Ezequiel Fernandez
8%
ATT 16,0 M€ Hull City Aston Villa Jaden Philogene
8%
MIL 18,0 M€ Norwich Galatasaray Gabriel Sara
7%
GAR 18,0 M€ Athletico-PR Al Nassr Bento
6%
DEF 16,5 M€ Boca Juniors Chelsea Aaron Anselmino
4%
MIL 17,8 M€ West Ham Southampton Flynn Downes
2%
DEF 15,0 M€ Lecce Fiorentina Marin Pongracic
2%
Aucun quiz correspondant
Distribution des résultats
% des personnes avec chaque résultat
Percentile par nombre de réponses
Votre historique - résultats
Vous n’avez pas pris ce quiz depuis la dernière actualisation